Žánrové hodnoty literatúry pre deti a mládež 1. : Súbor štúdií.
Uložené v:
| Médium: | Kniha |
|---|---|
| Jazyk: | Slovak |
| Vydané: |
Nitra :
Vysoká škola pedagogická,
1994
|
| Vydanie: | 1. vyd. |
| Edícia: | Edícia Vysokej školy pedagogickej v Nitre
|
| Témy: | |
| ISBN: |
8088738237 (brož.) |
| Fyzický popis: |
157 s. |
| Tagy: |
Pridať tag
Žiadne tagy, Buďte prvý kto otaguje tento záznam!
|
Titul je dostupný aj v ... 

MARC
| LEADER | 00000nam a2200000 a 4500 | ||
|---|---|---|---|
| 001 | 000054607 | ||
| 003 | SVKK | ||
| 005 | 19990628000000.0 | ||
| 008 | 950906s1994 xo e sloo | ||
| 020 | |a 8088738237 (brož.) | ||
| 040 | |a SVKKK |b slo |c SVKKK |e AACR2 | ||
| 041 | 0 | |a slo | |
| 044 | |a xo |c SK | ||
| 080 | |a 82.0:82-1/-9 |2 1997 | ||
| 245 | 0 | 0 | |a Žánrové hodnoty literatúry pre deti a mládež 1. : |b Súbor štúdií. |
| 250 | |a 1. vyd. | ||
| 260 | |a Nitra : |b Vysoká škola pedagogická, |c 1994 | ||
| 300 | |a 157 s. | ||
| 440 | 0 | |a Edícia Vysokej školy pedagogickej v Nitre | |
| 504 | |a Resumé angl. | ||
| 653 | 0 | |a žánre literárne |2 SVKKKPH | |
| 653 | 0 | |a literatúra pre deti a mládež |2 SVKKKPH | |
| 653 | 0 | |a monografie |2 SVKKKPH | |
| 655 | 7 | |a monografie |2 SVKKKPH | |
| 910 | |a svkkk | ||
| 919 | |a 80-88738-23-7 | ||
| 974 | |a MI |d 19951102 | ||
| 974 | |a KL |d 19951016 | ||
| 974 | |a PI |d 19990628 | ||
| 998 | |a BK | ||
| 090 | |g SCKHL |k Sklad Pribinova 2. posch. |a III.169197 |j 886572 |i 2720087730 |s Absenčne | ||